00412nam a2200145 a 450000100100000000500170001000800410002702000150006804000250008308200150010810000230012324500680014626000310021430000210024500003546320200930074348.0111101s1998 mx 000 0 spa d a9681330927 aDO-SdBNPbspacBNPHU axxxxbxxxx1 aEscandón, Rafael10aFrases humorísticas para toda ocasión /cRafael Escandón. aMéxico, :bDiana,c1998. a216 p. ;c21 cm.